[Event "Arber op Seniors 3rd"]
[Site "Bayerisch Eisenstein"]
[Date "2015.08.04"]
[Round "5"]
[White "Conitz, Helmut"]
[Black "Reischl, Ernst"]
[Result "1/2-1/2"]
[WhiteElo "1590"]
[BlackElo "1572"]
[PlyCount "89"]
[EventDate "2015.08.01"]
[EventType "swiss"]
[EventRounds "9"]
[EventCountry "GER"]
[SourceTitle "EXT 2016"]
[Source "ChessBase"]
[SourceDate "2015.10.08"]
[SourceVersion "1"]
[SourceVersionDate "2015.10.08"]
[SourceQuality "1"]

1. e4 d6 2. d4 Nf6 3. Nc3 g6 4. h3 Bg7 5. Nf3 0-0 6. Bd3 Nbd7 7. 0-0 e5 8. d5 c6 9. Re1 cxd5 10. exd5 b6 11. Bc4 Bb7 12. Rb1 Qc7 13. Bb3 a6 14. Ne4 Rac8 15. Nxf6+ Nxf6 16. Be3 b5 17. c3 Qa5 18. Bg5 h6 19. Bxf6 Bxf6 20. Re4 Rc5 21. Qd3 Bc8 22. g4 Qd8 23. Kg2 Bg7 24. Nh2 f5 25. Re2 fxg4 26. hxg4 Qh4 27. Qxg6 Rc7 28. Bc2 Rf6 29. Qh5 Qxh5 30. gxh5 Rf4 31. Bg6 Bf5 32. Rg1 Bxg6 33. hxg6 Rc5 34. Rd2 Rc8 35. f3 Rcf8 36. Re2 R8f6 37. Kh1 R6f5 38. Rg3 e4 39. Rxe4 Rxe4 40. fxe4 Rf2 41. Rg2 Rf4 42. Re2 Be5 43. Rg2 Rh4 44. Kg1 Rxe4 45. Nf3 1/2-1/2

[Event "Arber op Seniors 3rd"]
[Site "Bayerisch Eisenstein"]
[Date "2015.08.03"]
[Round "4"]
[White "Reischl, Ernst"]
[Black "Riegler, Markus"]
[Result "0-1"]
[WhiteElo "1572"]
[BlackElo "1780"]
[PlyCount "83"]
[EventDate "2015.08.01"]
[EventType "swiss"]
[EventRounds "9"]
[EventCountry "GER"]
[SourceTitle "EXT 2016"]
[Source "ChessBase"]
[SourceDate "2015.10.08"]
[SourceVersion "1"]
[SourceVersionDate "2015.10.08"]
[SourceQuality "1"]

1. d4 Nf6 2. Bf4 g6 3. Nf3 Bg7 4. e3 d6 5. c3 Nh5 6. Bg5 h6 7. Bh4 Bg4 8. Be2 Bf6 9. Nbd2 Nd7 10. Qb3 Qc8 11. Bxf6 Ndxf6 12. Bb5+ c6 13. Be2 0-0 14. 0-0 d5 15. Rfe1 b5 16. Rac1 Rb8 17. Qa3 Qb7 18. b3 Ne8 19. h3 Bf5 20. Qb2 Nd6 21. Ne5 f6 22. Nef3 g5 23. Nh2 Bg6 24. Bg4 f5 25. Be2 e5 26. Ndf3 e4 27. Ne5 Be8 28. Qc2 Qe7 29. Nxc6 Bxc6 30. c4 bxc4 31. bxc4 dxc4 32. Bxc4+ Kh8 33. d5 Bb5 34. Bb3 Rfc8 35. Qd1 Rxc1 36. Qxc1 Rc8 37. Qa3 Rc7 38. Nf1 Rc3 39. Rc1 Rxc1 40. Qxc1 Bd3 41. Qc5 Qd8 42. Qb4 0-1